|
|
|
|
| LEADER |
01145nam a2200289 u 4500 |
| 001 |
10099485 |
| 003 |
upatras |
| 005 |
20210117203526.0 |
| 008 |
121113s2000 us eng |
| 020 |
|
|
|a 0471177792
|
| 040 |
|
|
|a ΠΑΝΕΠΙΣΤΗΜΙΟ ΠΑΤΡΑΣ
|c ΠΑΝΕΠΙΣΤΗΜΙΟ ΠΑΤΡΑΣ
|
| 041 |
0 |
|
|a eng
|
| 082 |
0 |
4 |
|a 530.4/1
|
| 100 |
1 |
|
|a Marder, Michael P.
|4 aut
|9 110779
|
| 245 |
1 |
0 |
|a Condensed matter physics
|c Michael P. Marder
|
| 260 |
|
|
|a New York
|b John Wiley
|c 2000
|
| 300 |
|
|
|a xxvi, 895 p.
|b fig., tab.
|c 26 cm.
|
| 490 |
0 |
|
|a Wiley-Interscience Publication
|
| 504 |
|
|
|a Includes references and index
|
| 650 |
|
4 |
|a Συμπυκνωμένη ύλη
|9 37115
|
| 650 |
|
4 |
|9 179
|a Φυσική της στερεάς κατάστασης
|
| 760 |
0 |
|
|a Wiley interscience publication
|
| 852 |
|
|
|a GR-PaULI
|b ΠΑΤΡΑ
|b ΦΥΣΙΚΟ
|k ΑΣΧΞ-1
|h 530.4/1
|m 8224
|p 025000147017
|t 1
|
| 942 |
|
|
|2 ddc
|c BK15
|
| 952 |
|
|
|0 0
|1 0
|4 0
|6 530_400000000000000_1
|7 0
|9 117560
|a PHYS
|b PHYS
|d 2016-04-24
|i 8224
|l 0
|o 530.4/1
|p 025000147017
|r 2016-04-24 00:00:00
|t 1
|w 2016-04-24
|y BK15
|
| 998 |
|
|
|c ΚΑΡΑΓΕΩΡΓΟΠΟΥΛΟΣ
|d 2012
|
| 999 |
|
|
|c 78354
|d 78354
|